| 000 | 00667nam a22001937a 4500 | ||
|---|---|---|---|
| 003 | NUST - PNEC | ||
| 005 | 20170116181200.0 | ||
| 008 | 160208b xxu||||| |||| 00| 0 eng d | ||
| 020 | _a9789351114109 | ||
| 040 | _cLIBRARY | ||
| 082 | _a621.4022 GUP | ||
| 100 |
_916299 _aGupta, Mohan |
||
| 245 |
_aFundamentals of heat and mass transfer _cMohan Gupta |
||
| 260 |
_aNew Delhi: _bRandom Publications; _cc2014 |
||
| 300 | _a285 pages | ||
| 650 |
_916300 _aHeat and mass transfer _xME |
||
| 856 | _uhttp://www.amazon.com/Fundamentals-Heat-Transfer-Mohan-Gupta/dp/9351114104/ref=sr_1_1?s=books&ie=UTF8&qid=1454929627&sr=1-1&keywords=9789351114109 | ||
| 942 |
_2ddc _cBK |
||
| 999 |
_c71409 _d71409 |
||